<?xml version="1.0" encoding="UTF-8"?>
<marc:record xmlns:marc="http://www.loc.gov/MARC21/slim">
   <marc:leader>00000nam a2200000 a 4500</marc:leader>
   <marc:datafield ind1=" " ind2=" " tag="653">
      <marc:subfield code="a">2 + mehr Spieler</marc:subfield>
   </marc:datafield>
   <marc:datafield ind1=" " ind2=" " tag="653">
      <marc:subfield code="a">Tempel</marc:subfield>
   </marc:datafield>
   <marc:datafield ind1=" " ind2=" " tag="653">
      <marc:subfield code="a">Expedition</marc:subfield>
   </marc:datafield>
   <marc:datafield ind1=" " ind2=" " tag="653">
      <marc:subfield code="a">Glück</marc:subfield>
   </marc:datafield>
   <marc:datafield ind1=" " ind2=" " tag="653">
      <marc:subfield code="a">Kreativität</marc:subfield>
   </marc:datafield>
   <marc:datafield ind1=" " ind2=" " tag="653">
      <marc:subfield code="a">4 Spieler</marc:subfield>
   </marc:datafield>
   <marc:datafield ind1="0" ind2="0" tag="245">
      <marc:subfield code="a">El Dorado - Die goldenen Tempel</marc:subfield>
   </marc:datafield>
   <marc:datafield ind1="0" ind2="0" tag="245">
      <marc:subfield code="b">die goldenen Tempel</marc:subfield>
   </marc:datafield>
   <marc:datafield ind1=" " ind2="1" tag="264">
      <marc:subfield code="a">Ravensburg</marc:subfield>
      <marc:subfield code="b">Ravensburger Verlag GmbH</marc:subfield>
      <marc:subfield code="c">2019</marc:subfield>
   </marc:datafield>
   <marc:datafield ind1="1" ind2=" " tag="520">
      <marc:subfield code="a">„Wettlauf nach El Dorado“: Jedes Spiel eine neue Herausforderung – jedes Spiel eine andere Strategie. Jetzt ist die 2. Erweiterung da: Geschafft! Dorado liegt vor den Spielern. Aber ist das nicht eigentlich erst der Beginn eines viel größeren Abenteuers? Die Frage ist, wessen Expedition als erste die drei mythischen Edelsteine entdeckt, die der Sage nach die Tore zum unendlichen Reichtum der goldenen Tempel öffnen. Die eigenständige Fortsetzung der Abenteuer-Saga führt die 2-4 Spieler in die Stadt des Goldes. Für ein episches Spielerlebnis lassen sich alle Teile des Deckbuilding-Bestsellers kombinieren.&#xD;
&#xD;
Das Strategiespiel für mutige Abenteurer von 10 bis 99 Jahre kann durch die vielen Entscheidungsmöglichkeiten immer wieder anders gespielt werden. Die zweite Erweiterung kann auch eigenständig gespielt werden, das heißt, das Basisspiel "Wettlauf nach El Dorado" wird nicht benötigt. Das Strategiespiel bietet viele Herausforderungen und jede Menge Spaß, egal ob beim Spielen mit Freunden oder der Familie. Perfekt geeignet als Geschenk zum Geburtstag oder zu Weihnachten.</marc:subfield>
   </marc:datafield>
   <marc:datafield ind1="3" ind2=" " tag="024">
      <marc:subfield code="a">4005556261291</marc:subfield>
   </marc:datafield>
   <marc:datafield ind1=" " ind2=" " tag="041">
      <marc:subfield code="a">ger</marc:subfield>
   </marc:datafield>
   <marc:datafield ind1=" " ind2=" " tag="500">
      <marc:subfield code="a">ab 10</marc:subfield>
   </marc:datafield>
   <marc:datafield ind1="0" ind2=" " tag="490">
      <marc:subfield code="v">0</marc:subfield>
   </marc:datafield>
   <marc:datafield ind1="1" ind2=" " tag="521">
      <marc:subfield code="a">ab 10</marc:subfield>
   </marc:datafield>
   <marc:datafield ind1=" " ind2=" " tag="338">
      <marc:subfield code="a">Gegenstand</marc:subfield>
   </marc:datafield>
   <marc:datafield ind1=" " ind2=" " tag="300">
      <marc:subfield code="a">45 - 60 Min.</marc:subfield>
   </marc:datafield>
</marc:record>
